Statistiques concernant Paroles : Je suis malade - Serge Lama

Cliquez ici pour prendre le quiz!

Statistiques générales

  • Ce quiz a été pris 297 fois
  • Le résultat moyen est 240 sur 303

Statistiques - réponses

Réponse% Correct
Je
100%
je
100%
Ma
100%
ma
100%
suis
100%
99%
complétement
98%
malade
98%
me
98%
à
97%
de
97%
le
97%
se
96%
avec
94%
comme
94%
Comme
94%
mère
94%
mon
94%
ne
94%
seul
94%
désespoir
93%
et
93%
plus
93%
quand
93%
soir
93%
que
91%
laissait
90%
en
89%
tu
88%
un
88%
qu'elle
87%
sortait
87%
sans
84%
toi
84%
même
83%
vie
83%
dans
82%
n'ai
81%
fume
79%
rêve
79%
va
79%
lit
77%
t'en
77%
vas
76%
dors
74%
envie
74%
74%
tous
74%
gare
73%
les
73%
mes
73%
pars
73%
transforme
73%
vivre
73%
on
72%
quai
72%
ça
71%
dortoir
68%
ta
68%
orphelin
67%
parfaitement
67%
es
65%
ton
65%
cesse
64%
laid
64%
sais
64%
pour
63%
faire
62%
jamais
62%
moi
62%
fous
61%
mort
61%
bois
60%
c'est
60%
d'histoire
60%
m'as
60%
mots
60%
nuits
59%
sait
59%
toutes
59%
ans
58%
bientôt
57%
deux
57%
mais
57%
qui
57%
rocher
57%
du
56%
accroché
55%
fatigué
55%
goût
55%
oiseau
55%
ont
54%
privé
54%
si
54%
coeur
52%
corps
51%
épuisé
51%
peau
51%
semblant
51%
bateaux
50%
drapeau
50%
aller
49%
d'être
49%
j'ai
49%
péché
49%
portent
49%
sale
49%
vidé
49%
whiskys
49%
barricades
48%
ils
48%
sont
48%
Cet
47%
partout
47%
amour
46%
heureux
46%
idiot
46%
gosse
45%
radio
45%
sang
45%
talent
45%
avant
44%
j'avais
44%
près
44%
cerné
43%
continue
43%
t'arrives
42%
t'entends
42%
verse
42%
chants
41%
tue
40%
voix
40%
propre
39%
écoutant
38%
pourtant
38%
chantera
37%
crèverai
37%
repars
29%

Distribution des résultats

Percentile par nombre de réponses

% des personnes avec chaque résultat

Votre développement - résultats

Vous n’avez pas pris ce quiz